000 00357nam a22001697a 4500
003 UA-OsUOA
001 3664
007 ta
008 20050721b un ||||| |||| 00| 0 ukr d
100 _aMillard
700 _aE. B.
942 _cBK
040 _aUA-OsUOA
_cUA-OsUOA
_dUA-OsUOA
245 _aPhysical Chemistry for Colleges.
955 _a2
650 7 _2UDC
999 _c289826
_d289826